000 00362nam a2200145Ia 4500
008 150201s2006 xx 000 0 und d
082 _a610.7
_bH06O
100 _aOMRYAN,AR
245 _aHEALT EDUCATION FOR ADOLESCENT GIRLS
250 _a1ST
260 _bWHO
_aDELHI
_c2006
300 _a1-114
650 _aOTHER CLINICAL & NON CLINICAL BOOKS
942 _2ddc
_cBK
999 _c456
_d456